Electrial power systems quality
সংরক্ষণ করুন:
| বিন্যাস: | গ্রন্থ |
|---|---|
| ভাষা: | Undetermined |
| প্রকাশিত: |
New York
McGraw-Hill
2003
|
| বিষয়গুলি: | |
| ট্যাগগুলো: |
ট্যাগ যুক্ত করুন
কোনো ট্যাগ নেই, প্রথমজন হিসাবে ট্যাগ করুন!
|
| Thư viện lưu trữ: | Trung tâm Học liệu Trường Đại học Cần Thơ |
|---|
| LEADER | 00583nam a2200193Ia 4500 | ||
|---|---|---|---|
| 001 | CTU_57362 | ||
| 008 | 210402s9999 xx 000 0 und d | ||
| 020 | |b 1349000 | ||
| 082 | |a 621.3191 | ||
| 082 | |b E38 | ||
| 245 | 0 | |a Electrial power systems quality | |
| 245 | 0 | |c Roger C. Dugan ... [et al.] | |
| 260 | |a New York | ||
| 260 | |b McGraw-Hill | ||
| 260 | |c 2003 | ||
| 650 | |a electrial power system stability,electrial power systems,electric power plants | ||
| 650 | |x quality control,quality control | ||
| 904 | |i Minh | ||
| 980 | |a Trung tâm Học liệu Trường Đại học Cần Thơ | ||